Metal Bands Quiz - Statistics

General Stats
  • This quiz has been taken 176 times
    103 since last reset
  • The average score is 16 of 45
Answer Stats
Hint Answer % Correct
The Four Horseman, Whiplash Metallica
88%
Paranoid, Iron Man Black Sabbath
87%
Peace Sells, Hangar 18 Megadeth
87%
Painkiller, Living After Midnight Judas Priest
86%
South of Heaven, War Ensemble Slayer
83%
Alexander the Great, Run to the Hills Iron Maiden
80%
Bulls on Parade, Killing in The Name Rage Against the Machine
72%
Indians, Antisocial Anthrax
68%
Domination, I´m Broken Pantera
67%
Vicinity Of Obscenity, Sugar System Of a Down
66%
Freezing Moon, Deathcrush Mayhem
63%
Territory, Arise Sepultura
62%
Pull the Plug, Born Dead Death
51%
Blood and Thunder, Megalodon Mastodon
50%
Immortal Rites, I Am Morbid Morbid Angel
43%
Slowly We Rot, Chopped in Half Obituary
43%
Nemesis, War Eternal Arch Enemy
41%
Twilight of the Thunder God, Put Your Back Into the Oar Amon Amarth
38%
Ov Fire and the Void, O Father O Satan O Sun! Behemoth
37%
Practice What you Preach, Over The Wall Testament
37%
Inside the Fire, Ten Thousand Fists Disturbed
34%
Strike of the Beast, The toxic Waltz Exodus
34%
Amazonia, The Cell, Gojira
33%
Inno a Satana, Into the Infinity of Thoughts Emperor
32%
Black Star, Unfit for Human Consumption Carcass
22%
Return to Cold, One by One Immortal
20%
Sadistic Magician, Grave Dive Municipal Waste
18%
Eaten, So You Die Bloodbath
17%
Slave Species of the Gods, The Giza Power Plant Blood Incantation
17%
We eat our young, Bring Back the Plague Cattle Decapitation
17%
Liege of Inveracity, Infecting the Crypts Suffocation
17%
Any Means Necessary, Hammer High Hammerfall
16%
Eagle Fly Free, Dr. Stein Helloween
16%
Vile Nilotic Rites, Sacrifice Unto Sebek Nile
16%
Executioner´s Tax, Soul Sacrifice Power Trip
13%
The Moth, Volcanic Death Angel
11%
A Glorious Epoch, Fostering the Divide Immolation
9%
Eternal Nightmare, Phobophobia Vio-lence
8%
Infectious Hospital Waste, Skull Fracturing Nightmare Demolition Hammer
7%
Kill for Satan, Mouth of Madness Tsjuder
5%
Rain, Baphomet's Throne Samael
4%
Living Sacrifice, Eye for an Eye Soulfly
4%
Conjuring the Death, Stigma Diabolicum Belphegor
3%
Dødskamp, Sculptor of Flesh 1349
1%
Itlach in Mictlantecuhtil, Guerreros de Cemican Cemican
1%
No matching quizzes found
Score Distribution
Percent of People with Each Score
Percentile by Number Answered
Your Score History
You have not taken this quiz since the last reset